00771nam a2200157 i 4500001000700000003000900007005001700016007000300033008004100036100003000077245021200107260007300319300002000392505017700412852002400589103723ES-MaACL20230906183431.0t|051117s1913 sp ||||1| spa d1 aMerino Alvarez, Abelardo.10aGeografía económica b: estudio geográfico, industrial, mercantil y administrativo-militar de todas las regiones del globo excepto Berbería y la Península Ibérica / cpor Abelardo Merino Alvarez. aMadrid : b[s.n.], c1913 (fImp. del Cuerpo de Intendencia Militar) a2 v. ; c23 cm.8 aContiene: I.- Europa. Africa -- II.- Asia. América del Norte. América del Sur. Los restos del continente austral. Las pequeñas islas del Pacifico. Las tierras polares aES-MaACLjB-1211-12